| 000 | 00932nam a22002777a 4500 | ||
|---|---|---|---|
| 999 |
_c16406 _d16406 |
||
| 003 | EG-ScBUE | ||
| 005 | 20210206113351.0 | ||
| 008 | 120207s2010 ua f 000 jj ara d | ||
| 017 | _a2004/14424 | ||
| 020 | _a9770911119 | ||
| 040 |
_aEG-ScBUE _bara _erda _cEG-ScBUE _dEG-ScBUE |
||
| 082 | 0 | 4 |
_a892.736 _bش ل ب _222 |
| 100 | 1 |
_923851 _aشلبي، خيري، _d1938-2011، _eمؤلف. |
|
| 245 | 1 | 0 |
_aعدل المسامير / _cخيري شلبي. |
| 250 | _aالطبعة الثانية. | ||
| 264 | 1 |
_aالقاهرة، مصر : _bدار الشروق، _c2010. |
|
| 300 |
_a140 صفحة ؛ _c20 سم |
||
| 336 |
_2rdacontent _aنص _btxt |
||
| 337 |
_2rdamedia _aبدون وسيط _bn |
||
| 338 |
_2rdacarrier _aمجلد _bnc |
||
| 650 | 7 |
_98542 _aالقصص العربية القصيرة _zمصر _yقرن 20. _2BUEsh |
|
| 651 | _2BUEsh | ||
| 653 |
_cFebruary2012 _bARALIT |
||
| 655 |
_vReading book _934232 |
||
| 942 |
_2ddc _cBB |
||